Membina generasi berakhlak

Bibliographic Details
Other Authors: Abdul Ghalib Ahmad Isa
Format: Book
Published: Kuala Lumpur : Al-Hidayah , 2003
Series:Motivasi Remaja Cemerlang
Subjects:

MARC

LEADER 00000cam a2200000 7i4500
001 0000013798
005 20080130.0
008 080130
020 |a 9830990893 
090 0 0 |a 297.5   |b MEM 
245 1 0 |a Membina generasi berakhlak   |c penyusun, Abdul Ghalib Ahmad Isa 
260 |a Kuala Lumpur :   |b Al-Hidayah ,   |c 2003 
440 |a Motivasi Remaja Cemerlang 
650 0 |a Islamic ethics 
650 0 |a Islam   |x Customs and practices 
650 0 |a Moral education 
700 0 |a Abdul Ghalib Ahmad Isa 
999 |a 0001004969   |b Book   |c Adult Collection   |e Perbadanan Perpustakaan Awam Johor 
999 |a 0001004970   |b Book   |c Adult Collection   |e Perbadanan Perpustakaan Awam Johor 
999 |a 0001004971   |b Book   |c Adult Collection   |e Perbadanan Perpustakaan Awam Johor